000 00708nam a22002537a 4500
003 OSt
005 20220924113519.0
006 a|||||r|||| 00| 0
007 ta
008 220923b |||||||| |||| 00| 0 eng d
024 _a13322
037 _cGeneral Books
040 _aARTS
_cARTS
_beng
041 _2eng
_aeng
082 _aV2:51.N47<-M58, L7
100 _aKrishnamcorthy Alladi Vaidehi
_9169959
245 0 _aFreedom movement in India 1858-1947
260 _aHyderabad
_c1977
300 _aiv,348p.
500 _aAppendix (I_II) (281-348)
650 _aHISTORY
942 _hV2:51.N47<-M58, L7
_cGB
_2CC
999 _c389886
_d389886